| 000 | 00533nam a2200181Ia 4500 | ||
|---|---|---|---|
| 008 | 090123s9999 xx 000 0 und d | ||
| 082 |
_b23659 _a891.463/निसळ |
||
| 100 | _aनिसळ शांता | ||
| 245 | _aआवर्त | ||
| 250 | _a1 | ||
| 260 |
_bअनिरुध्द साहित्य प्रकाशन _c1994 |
||
| 300 | _a216 | ||
| 600 | _aनिसळ शांता | ||
| 630 | _aआवर्त | ||
| 700 | _aनिसळ शांता | ||
| 730 | _aआवर्त | ||
| 942 | _cBOOK | ||
| 999 |
_c61730 _d61730 |
||